| 000 | 01433pam a2200373 a 4500 | ||
|---|---|---|---|
| 001 | 4962688 | ||
| 003 | OSt | ||
| 005 | 20140310181637.0 | ||
| 008 | 970606s1998 maua b 001 0 eng | ||
| 010 | _a 97023312 | ||
| 020 | _a0205199860 | ||
| 040 |
_aDLC _cDLC _dDLC |
||
| 043 | _an-us--- | ||
| 050 | 0 | 0 |
_aLC 3731 _b.G659 1998 |
| 082 | 0 | 0 |
_aTR 371.82 _bG68 1998 |
| 100 | 2 | _aGopaul-McNicol, Sharon-Ann. | |
| 245 | 1 | 0 |
_aWorking with linguistically and culturally different children : _binnovative clinical and educational approaches / _cSharon-ann Gopaul-McNicol, Tania Thomas-Presswood. |
| 260 |
_aPreswood- Boston : _bAllyn & Bacon, _cc1998. |
||
| 300 |
_axii, 227 p. : _bill. ; _c24 cm. |
||
| 504 | _aIncludes bibliographical references (p. 199-220) and index. | ||
| 521 | _aFaculty | ||
| 526 | _c1210L to 1700L | ||
| 541 | _j1 | ||
| 562 | _e1 | ||
| 650 | 0 |
_aChildren of minorities _xEducation _zUnited States. |
|
| 650 | 0 |
_aChildren of minorities _xMental health _zUnited States. |
|
| 650 | 0 |
_aLinguistic minorities _xEducation _zUnited States. |
|
| 650 | 0 |
_aEducational tests and measurements _zUnited States. |
|
| 650 | 0 |
_aEducational anthropology _zUnited States. |
|
| 700 | 2 |
_aThomas-Presswood, Tania, _d1961- |
|
| 906 |
_a7 _bcbc _corignew _d1 _eocip _f19 _gy-gencatlg |
||
| 942 |
_2lcc _cBK-TR _kTR |
||
| 999 |
_c716 _d716 |
||